000 01099nam0a22002651 4500
001 rc\2997075
005 20110918122637.8
035 _a(NLR Aleph) 007140719
090 _a7052751
_c7052751
100 _a20110918d1940 |||y0rusy50 ca
101 1 _arus
_ceng
102 _aRU
105 _aa z |||||
200 1 _aОхотники за микробами
_fПоль де Крюи
_gПер. с англ. О.П. Червонского
_gПредисл. проф. Н.К. Кольцова [с. 5-9]
210 _aМосква
_aЛенинград
_cДетиздат
_d1940
_eЛенинград
215 _a336 с.
_cил.
_d20 см
225 1 _aШкольная библиотека
_aˆ[‰Для неполной средней и средней школы]
700 1 _aКрайф
_bП.
_f1890-
_gПоль
702 1 _aЧервонский
_bО. П.
_4730
702 1 _aКольцов
_bН. К.
_f1872-1940
_gНиколай Константинович
_3RU\NLR\AUTH\770267010
_4080
801 0 _aRU
_bNLR
_gpsbo
801 1 _aRU
_bELAR
_2rusmarc
852 _aNLR
_jДл02 В-3/33
942 _cBOOK
980 _aNB